Apín capón zapún amanicano (1134) : (Record no. 149248)
[ view plain ]
| 000 -CABECERA | |
|---|---|
| campo de control de longitud fija | 00746nam a2200229 u 4500 |
| 005 - FECHA Y HORA DE LA ÚLTIMA TRANSACCIÓN | |
| campo de control | 20220811064110.0 |
| 008 - ELEMENTOS DE LONGITUD FIJA--INFORMACIÓN GENERAL | |
| campo de control de longitud fija | 100705s2008 r 000 0 eng d |
| 020 ## - NÚMERO INTERNACIONAL NORMALIZADO PARA LIBROS | |
| Número Internacional Estándar del Libro | 9788480632454 |
| 035 ## - NÚMERO DE CONTROL DEL SISTEMA | |
| Número de control de sistema | UPN01000177145 |
| 049 ## - COLECCIÓN | |
| Colección | CG |
| 050 #4 - SIGNATURA TOPOGRÁFICA DE LA BIBLIOTECA DEL CONGRESO | |
| Número de clasificación | QA40.5 |
| Número de documento/Ítem | R6.2 2008 |
| 100 1# - ASIENTO PRINCIPAL--NOMBRE PERSONAL | |
| Nombre de persona | Roig, Pere |
| 245 10 - MENCIÓN DE TÍTULO | |
| Título | Apín capón zapún amanicano (1134) : |
| Resto del título | para entender : el número y sus representaciones / |
| Mención de responsabilidad, etc. | Pere Roig y Jordy Font ; tr. Núria Fabrés Bis. |
| 250 ## - MENCIÓN DE EDICIÓN | |
| Mención de edición | 4a ed. |
| 260 ## - PUBLICACIÓN, DISTRIBUCIÓN, ETC. | |
| Lugar de publicación, distribución, etc. | Barcelona, Esp. : |
| Nombre del editor, distribuidor, etc. | Octaedro, |
| Fecha de publicación, distribución, etc. | 2008. |
| 300 ## - DESCRIPCIÓN FÍSICA | |
| Extensión | 76 p. : |
| Otras características físicas | il. col. |
| 440 #0 - MENCIÓN DE SERIE/ASIENTO SECUNDARIO--TÍTULO | |
| Título | Narraciones solaris ; |
| Designación de volumen o secuencia | 1 |
| 650 #4 - ASIENTO SECUNDARIO DE MATERIA - TERMINO TEMATICO | |
| Término de materia o nombre geográfico como elemento de entrada | MATEMATICAS - |
| Subdivisión de forma | LITERATURA JUVENIL |
| 9 (RLIN) | 13675 |
| 650 #4 - ASIENTO SECUNDARIO DE MATERIA - TERMINO TEMATICO | |
| Término de materia o nombre geográfico como elemento de entrada | Concepto de número |
| 9 (RLIN) | 3973 |
| 700 1# - ASIENTO SECUNDARIO--NOMBRE DE PERSONAL | |
| Nombre de persona | Font, Jordy, |
| Término indicativo de función/relación | coaut. |
| 905 ## - TIPO DE MATERIAL | |
| Tipo de material | Libro |
| Estado de retiro | Estado de pérdida | Fuente del sistema de clasificación o colocación | Estado dañado | No para préstamo | Código de colección | Localización permanente | Ubicación/localización actual | Ubicación en estantería | Total de préstamos | Clasificación | Código de barras | Fecha visto por última vez | Número de copia | Tipo de ítem Koha |
|---|---|---|---|---|---|---|---|---|---|---|---|---|---|---|
| Library of Congress Classification | Colección General | Bib. Gregorio Torres Quintero | Bib. Gregorio Torres Quintero | Planta baja | QA40.5 R6.2 2008 | 273099 | 31/12/2020 | 1 | Libro |
